Titanic (Record no. 12316)
[ view plain ]
| 000 -LEADER | |
|---|---|
| fixed length control field | 00722nam a22002417a 4500 |
| 003 - CONTROL NUMBER IDENTIFIER | |
| control field | PILC |
| 005 - DATE AND TIME OF LATEST TRANSACTION | |
| control field | 20151021123442.0 |
| 008 - FIXED-LENGTH DATA ELEMENTS--GENERAL INFORMATION | |
| fixed length control field | 130313t xxu||||| |||| 00| 0 eng d |
| 020 ## - INTERNATIONAL STANDARD BOOK NUMBER | |
| International Standard Book Number | 9780375813573 |
| 050 ## - LIBRARY OF CONGRESS CALL NUMBER | |
| Classification number | G 530.T6 |
| Item number | .Os82 2002 |
| 082 ## - DEWEY DECIMAL CLASSIFICATION NUMBER | |
| Classification number | GS 910.91634 |
| Item number | Os1 2002 |
| 100 ## - MAIN ENTRY--PERSONAL NAME | |
| Personal name | Osborne, Will |
| 9 (RLIN) | 5054 |
| 245 ## - TITLE STATEMENT | |
| Title | Titanic |
| Statement of responsibility, etc | Osborne, Will |
| 260 ## - PUBLICATION, DISTRIBUTION, ETC. (IMPRINT) | |
| Place of publication, distribution, etc | New York : |
| Name of publisher, distributor, etc | Randon House, |
| Date of publication, distribution, etc | c2002. |
| 300 ## - PHYSICAL DESCRIPTION | |
| Extent | 135 p. |
| Other physical details | ill, ; |
| Dimensions | 19 cm |
| 562 ## - COPY AND VERSION IDENTIFICATION NOTE | |
| Number of copies | 1 |
| 650 ## - SUBJECT ADDED ENTRY--TOPICAL TERM | |
| Topical term or geographic name as entry element | Titanic (Steamship) |
| General subdivision | Juvenile literature. |
| 9 (RLIN) | 22103 |
| 650 ## - SUBJECT ADDED ENTRY--TOPICAL TERM | |
| Topical term or geographic name as entry element | Titanic (Steamship). |
| 9 (RLIN) | 22104 |
| 650 ## - SUBJECT ADDED ENTRY--TOPICAL TERM | |
| Topical term or geographic name as entry element | Shipwrecks |
| General subdivision | North Atlantic Ocean |
| -- | Juvenile literature. |
| 9 (RLIN) | 22105 |
| 650 ## - SUBJECT ADDED ENTRY--TOPICAL TERM | |
| Topical term or geographic name as entry element | Shipwrecks. |
| 9 (RLIN) | 20389 |
| 942 ## - ADDED ENTRY ELEMENTS (KOHA) | |
| Source of classification or shelving scheme | Library of Congress Classification |
| Koha item type | Books |
| Withdrawn status | Lost status | Source of classification or shelving scheme | Damaged status | Home library | Current library | Shelving location | Date acquired | Total Checkouts | Full call number | Barcode | Date last seen | Copy number | Price effective from | Koha item type |
|---|---|---|---|---|---|---|---|---|---|---|---|---|---|---|
| Library of Congress Classification | Luxembourg Library | Luxembourg Library | Grade School Section | 09/28/2013 | G 530.T6 .Os82 2002 | 14295 | 11/12/2018 | 1 | 10/03/2013 | Books |